<?xml version="1.0" encoding="UTF-8"?><?xml-stylesheet type="text/xsl" href="static/style.xsl"?><OAI-PMH xmlns="http://www.openarchives.org/OAI/2.0/" xmlns:xsi="http://www.w3.org/2001/XMLSchema-instance" xsi:schemaLocation="http://www.openarchives.org/OAI/2.0/ http://www.openarchives.org/OAI/2.0/OAI-PMH.xsd"><responseDate>2026-04-26T07:15:16Z</responseDate><request verb="GetRecord" identifier="oai:uvadoc.uva.es:10324/68128" metadataPrefix="marc">https://uvadoc.uva.es/oai/request</request><GetRecord><record><header><identifier>oai:uvadoc.uva.es:10324/68128</identifier><datestamp>2024-09-16T08:44:07Z</datestamp><setSpec>com_10324_1163</setSpec><setSpec>com_10324_931</setSpec><setSpec>com_10324_894</setSpec><setSpec>col_10324_1327</setSpec></header><metadata><record xmlns="http://www.loc.gov/MARC21/slim" xmlns:doc="http://www.lyncode.com/xoai" xmlns:xsi="http://www.w3.org/2001/XMLSchema-instance" xmlns:dcterms="http://purl.org/dc/terms/" xsi:schemaLocation="http://www.loc.gov/MARC21/slim http://www.loc.gov/standards/marcxml/schema/MARC21slim.xsd">
<leader>00925njm 22002777a 4500</leader>
<datafield tag="042" ind1=" " ind2=" ">
<subfield code="a">dc</subfield>
</datafield>
<datafield tag="720" ind1=" " ind2=" ">
<subfield code="a">Zalama Rodríguez, Miguel Ángel</subfield>
<subfield code="e">author</subfield>
</datafield>
<datafield tag="260" ind1=" " ind2=" ">
<subfield code="c">2020</subfield>
</datafield>
<datafield tag="520" ind1=" " ind2=" ">
<subfield code="a">Los Reyes Católicos ejercieron un patronazgo artístico de gran importancia que siguieron sus cuatro hijas. Este patronazgo solo se puede entender atendiendo a la magnificencia que desplegaron los monarcas.</subfield>
</datafield>
<datafield tag="024" ind2=" " ind1="8">
<subfield code="a">Concha Lomba Serrano,  Carmen Morte García y Mónica Vázquez Astorga (eds.), Las mujeres y el universo de las artes. Zaragoza: Institución Fernando el Católico, Diputación de Zaragoza, 2020, pp. 31-53.</subfield>
</datafield>
<datafield tag="024" ind2=" " ind1="8">
<subfield code="a">isbn: 978-84-9911-594-8</subfield>
</datafield>
<datafield tag="024" ind2=" " ind1="8">
<subfield code="a">https://uvadoc.uva.es/handle/10324/68128</subfield>
</datafield>
<datafield tag="024" ind2=" " ind1="8">
<subfield code="a">31</subfield>
</datafield>
<datafield tag="024" ind2=" " ind1="8">
<subfield code="a">53</subfield>
</datafield>
<datafield tag="024" ind2=" " ind1="8">
<subfield code="a">Concha Lomba Serrano,  Carmen Morte García y Mónica Vázquez Astorga (eds.), Las mujeres y el universo de las artes. Zaragoza: Institución Fernando el Católico</subfield>
</datafield>
<datafield ind1=" " ind2=" " tag="653">
<subfield code="a">Historia del Arte</subfield>
</datafield>
<datafield tag="245" ind1="0" ind2="0">
<subfield code="a">Las hijas de los Reyes Católicos. Magnificencia y patronazgo de cuatro reinas</subfield>
</datafield>
</record></metadata></record></GetRecord></OAI-PMH>